|
|
|
|
| LEADER |
00000nab a2200000 a 4500 |
| 001 |
vtls000713075 |
| 003 |
SK-MaSNL |
| 005 |
20260302194129.0 |
| 008 |
180205c2000 xo 0 slo |
| 015 |
|
|
|a SNBRB2000/02-03471
|
| 035 |
|
|
|a CLN000065242
|
| 040 |
|
|
|a SNKBUCL
|b slo
|c SNKBUCL
|e AACR2
|
| 041 |
0 |
|
|a slo
|
| 044 |
|
|
|a xo
|c SK
|
| 080 |
|
|
|a 352/354(437.6)
|2 UDC-MRF-SK2
|
| 100 |
1 |
|
|a Kaliská, Gabriela,
|d 1954-
|4 aut
|9 107915
|
| 245 |
1 |
0 |
|a Nové členenie Slovenska
|b ZMOS a rada vlády súhlasia s koncepciou novej verejnej správy
|c Gabriela Kaliská
|
| 650 |
0 |
7 |
|a správa verejná
|z Slovensko
|x reforma
|2 snkbucl
|9 463276
|
| 655 |
|
7 |
|a články z novín a časopisov
|2 snkbucl
|9 267496
|
| 773 |
0 |
|
|x 1335-4051
|t Pravda
|g Roč. 10, č. 22 (28.1.2000), s. 2
|
| 850 |
|
|
|a Slovenská národná knižnica v Martine
|
| 852 |
|
|
|a SNK
|b KIS3GCP
|
| 958 |
|
|
|a RBX
|
| 999 |
|
|
|c 1447466
|d 1449396
|